Reinforced and prestressed concrete design : (Record no. 547043)
[ view plain ]
| 000 -LEADER | |
|---|---|
| fixed length control field | 00962cam a2200217 a 4500 |
| 020 ## - INTERNATIONAL STANDARD BOOK NUMBER | |
| International Standard Book Number | 0470233656 |
| 020 ## - INTERNATIONAL STANDARD BOOK NUMBER | |
| International Standard Book Number | 0582218837 |
| 082 00 - DEWEY DECIMAL CLASSIFICATION NUMBER | |
| Classification number | 624.18341 |
| Author Mark | OBR |
| -- | L-38, P-53 |
| 100 1# - MAIN ENTRY--PERSONAL NAME | |
| Personal name | O'Brien, Eugene J., |
| 9 (RLIN) | 37761 |
| 245 10 - TITLE STATEMENT | |
| Title | Reinforced and prestressed concrete design : |
| Remainder of title | the complete process / |
| Statement of responsibility, etc. | Eugene J. O'Brien and Andrew S. Dixon ; chapter 8 written in collaboration with Robert E. Loov ; advisory editor, Anthony J. Fitzpatrick. |
| 260 ## - PUBLICATION, DISTRIBUTION, ETC. | |
| Place of publication, distribution, etc. | Harlow, England : |
| Name of publisher, distributor, etc. | Longman Scientific & Technical ; |
| Place of publication, distribution, etc. | New York, NY : |
| Name of publisher, distributor, etc. | Copublished in the United States with J. Wiley, |
| Date of publication, distribution, etc. | 1995. |
| 300 ## - PHYSICAL DESCRIPTION | |
| Extent | x, 492 p. : |
| Other physical details | ill., maps ; |
| Dimensions | 25 cm. |
| 526 ## - STUDY PROGRAM INFORMATION NOTE | |
| Program name | 0 |
| Interest level | 0 |
| Reading level | 0 |
| Title point value | 624_183410000000000_OBR |
| 526 ## - STUDY PROGRAM INFORMATION NOTE | |
| Program name | 0 |
| Interest level | 0 |
| Reading level | 0 |
| Title point value | 624_183410000000000_OBR |
| 650 #0 - SUBJECT ADDED ENTRY--TOPICAL TERM | |
| Topical term or geographic name entry element | MCE |
| 9 (RLIN) | 379 |
| 650 #0 - SUBJECT ADDED ENTRY--TOPICAL TERM | |
| Topical term or geographic name entry element | Prestressed concrete construction. |
| 9 (RLIN) | 20245 |
| 650 #0 - SUBJECT ADDED ENTRY--TOPICAL TERM | |
| Topical term or geographic name entry element | Reinforced concrete construction. |
| 650 #0 - SUBJECT ADDED ENTRY--TOPICAL TERM | |
| Topical term or geographic name entry element | Structural analysis (Engineering) |
| 9 (RLIN) | 654 |
| 700 1# - ADDED ENTRY--PERSONAL NAME | |
| Personal name | Dixon, Andrew S., |
| 9 (RLIN) | 37762 |
| 942 ## - ADDED ENTRY ELEMENTS (KOHA) | |
| Source of classification or shelving scheme | |
| Koha item type | Book |
| Withdrawn status | Lost status | Source of classification or shelving scheme | Damaged status | Not for loan | Permanent Location | Current Location | Date acquired | Total Checkouts | Full call number | Barcode | Date last seen | Price effective from | Koha item type | Date last checked out |
|---|---|---|---|---|---|---|---|---|---|---|---|---|---|---|
| Military College of Engineering (MCE) | Military College of Engineering (MCE) | 06/27/2014 | 624.18341 OBR | MCE-28882 | 06/27/2014 | 06/27/2014 | Book | |||||||
| Military College of Engineering (MCE) | Military College of Engineering (MCE) | 06/27/2014 | 1 | 624.18341 OBR | MCE-29627/1 | 07/03/2014 | 06/27/2014 | Book | 07/03/2014 |
